000
00295nam a22001457a 4500
999
_c
160079
_d
160079
082
_a
_b
100
_a
Deyana Bhatt
245
_a
Smritichandrika (v.2)/
_c
by Deyana Bhatt.
260
_a
Delhi:
_b
Nag,
_c
1988.
300
_a
631p.
600
_a
650
_a
700
_a
942
_c
BK